|
|
|
|
| LEADER |
00000cam a22000004a 4500 |
| 001 |
musev2_63019 |
| 003 |
MdBmJHUP |
| 005 |
20230905050502.0 |
| 006 |
m o d |
| 007 |
cr||||||||nn|n |
| 008 |
010115s1990 dcu o 00 0 eng d |
| 020 |
|
|
|a 9780815723127
|
| 020 |
|
|
|z 9780815700593
|
| 035 |
|
|
|a (OCoLC)1132223621
|
| 040 |
|
|
|a MdBmJHUP
|c MdBmJHUP
|
| 100 |
1 |
|
|a Aberbach, Joel D.
|
| 245 |
1 |
0 |
|a Keeping a Watchful Eye :
|b The Politics of Congressional Oversight /
|c Joel D. Aberbach.
|
| 264 |
|
1 |
|a Washington, D.C. :
|b Brookings Institution,
|c 1990.
|
| 264 |
|
3 |
|a Baltimore, Md. :
|b Project MUSE,
|c 2020
|
| 264 |
|
4 |
|c ©1990.
|
| 300 |
|
|
|a 1 online resource (288 pages).
|
| 336 |
|
|
|a text
|b txt
|2 rdacontent
|
| 337 |
|
|
|a computer
|b c
|2 rdamedia
|
| 338 |
|
|
|a online resource
|b cr
|2 rdacarrier
|
| 546 |
|
|
|a English.
|
| 588 |
|
|
|a Description based on print version record.
|
| 650 |
1 |
7 |
|a Het Congres.
|2 gtt
|
| 650 |
1 |
7 |
|a Toezicht.
|2 gtt
|
| 650 |
|
7 |
|a Bürokratie
|2 gnd
|
| 650 |
|
7 |
|a Kontrolle
|2 gnd
|
| 650 |
|
7 |
|a Gesetzgebende Gewalt
|2 gnd
|
| 650 |
|
7 |
|a Verwaltungskontrolle
|2 gnd
|
| 650 |
|
7 |
|a Legislative oversight.
|2 fast
|0 (OCoLC)fst00995810
|
| 650 |
|
7 |
|a Bureaucracy.
|2 fast
|0 (OCoLC)fst00841702
|
| 650 |
|
7 |
|a POLITICAL SCIENCE
|x American Government
|x Legislative Branch.
|2 bisacsh
|
| 650 |
|
7 |
|a POLITICAL SCIENCE
|x Government
|x Legislative Branch.
|2 bisacsh
|
| 650 |
|
6 |
|a Bureaucratie
|z États-Unis.
|
| 650 |
|
6 |
|a Contrôle parlementaire
|z États-Unis.
|
| 650 |
|
0 |
|a Bureaucracy
|z United States.
|
| 650 |
|
0 |
|a Legislative oversight
|z United States.
|
| 651 |
|
7 |
|a USA.
|2 swd
|
| 651 |
|
7 |
|a United States.
|2 fast
|0 (OCoLC)fst01204155
|
| 610 |
1 |
7 |
|a USA
|b Congress
|2 gnd
|
| 655 |
|
7 |
|a Electronic books.
|2 local
|
| 710 |
2 |
|
|a Project Muse.
|e distributor
|
| 830 |
|
0 |
|a Book collections on Project MUSE.
|
| 856 |
4 |
0 |
|z Texto completo
|u https://projectmuse.uam.elogim.com/book/63019/
|
| 945 |
|
|
|a Project MUSE - Custom Collection
|
| 945 |
|
|
|a Project MUSE - Archive Complete Supplement VIII
|
| 945 |
|
|
|a Project MUSE - Archive Political Science and Policy Studies Supplement VIII
|